|
|
|
|
| LEADER |
007180000a22002170004500 |
| 020 |
|
|
|a 0-19-289278-9
|
| 082 |
|
|
|a 320.01 N9;1
|
| 100 |
|
|
|a Rosen, Michael; Editor
|
| 100 |
|
|
|a Wolff, Jonathan; Editor
|
| 245 |
|
|
|a Political thought
|
| 260 |
|
|
|a New Delhi, Oxford University Press
|e 1999
|
| 260 |
|
|
|c 1999
|
| 460 |
|
|
|a xv,442p
|
| 465 |
|
|
|a GBP 19.99
|
| 500 |
|
|
|a ed by Michael Rosen and Jonathan Wolff
|
| 500 |
|
|
|a Includes bibliographical references and index
|
| 650 |
|
|
|a Philosophy
|
| 650 |
|
|
|a Political science
|
| 942 |
|
|
|c BK
|
| 999 |
|
|
|c 38164
|d 38164
|
| 952 |
|
|
|0 0
|1 0
|4 0
|6 320_010000000000000_N91
|7 0
|8 ENG
|9 38691
|a MGUL
|b MGUL
|d 2013-07-16
|e GBP 19.99
|l 10
|m 1
|o 320.01 N9;1
|p 37461
|r 2019-11-11
|s 2019-10-23
|w 2013-07-16
|y BK
|